| 000 | 00693nam a2200241Ia 4500 | ||
|---|---|---|---|
| 008 | 160621s9999 xx 000 0 und d | ||
| 020 | _a978-971-37-0394-1 | ||
| 050 | _aComSc TR 897.7 | ||
| 050 | _b.A55 2010 c.1 | ||
| 245 | _aAnimation and multimedia : | ||
| 245 | _bAdobe flash CS4 with Windows Movie Maker / | ||
| 245 | _cby Jemma Development Group. | ||
| 260 | _aManila : | ||
| 260 | _bJemma Inc., | ||
| 260 | _c2010 | ||
| 300 | _a313 pages : | ||
| 300 | _billustrations ; | ||
| 300 | _c25 cm. | ||
| 440 | _aVisual guide | ||
| 500 | _aIncludes bibliographical references. | ||
| 650 | _aComputer animation. | ||
| 650 | _xComputer graphics -- Study and teaching (Higher). | ||
| 999 |
_c296073 _d296073 |
||